| 000 | 00740nam a22002177a 4500 | ||
|---|---|---|---|
| 999 |
_c9353 _d9353 |
||
| 003 | AR-CdUCM | ||
| 008 | 190327b ||||| |||| 00| 0 spa d | ||
| 040 |
_aMUNICIPALIDAD PROVINCIAL DEL CUSCO _cBIBLIOTECA MUNICIPAL DEL CUSCO |
||
| 082 |
_a970.15 / _bC75 / 1942 |
||
| 100 |
_aColón, Cristóbal _925490 |
||
| 245 |
_aEl descubrimiento de América : _bdiario de navegación / |
||
| 260 |
_aSantiago de Chile : _bEdiciones Ercilla, _c1942. |
||
| 300 |
_a210 páginas ; _c18 cm. |
||
| 440 |
_aBiblioteca Amauta. _nSección América. _925491 |
||
| 650 |
_aDescubrimiento y Conquista _92362 |
||
| 650 |
_aHistoria _9136 |
||
| 650 |
_aAmérica _91348 |
||
| 700 |
_aSánchez, Luis Alberto (prólogo) _99717 |
||
| 942 |
_2ddc _cLIBROS |
||
| 945 | _azta | ||